书目信息 |
| 题名: |
彩色图解《神农本草经》
|
|
| 作者: | 袁松 编著 | |
| 分册: | ||
| 出版信息: | 北京 北京联合出版公司 2015 |
|
| 页数: | 421页 | |
| 开本: | 25cm | |
| 丛书名: | ||
| 单 册: | ||
| 中图分类: | R281.2-64 | |
| 科图分类: | ||
| 主题词: | 《神农本草经》--shen nong ben cao jing--图解 | |
| 电子资源: | ||
| ISBN: | 978-7-5502-6444-1 | |
| 000 | 00867nam0 22002411 450 | |
| 001 | 0120082208 | |
| 005 | 20170320082208.0 | |
| 010 | @a978-7-5502-6444-1@dCNY45.00 | |
| 100 | @a20160630d2015 em y0chiy50 ea | |
| 101 | 0 | @achi |
| 102 | @aCN@b110000 | |
| 105 | @aa z 000yy | |
| 106 | @ar | |
| 200 | 1 | @a彩色图解《神农本草经》@9cai se tu jie shen nong ben cao jing@f袁松编著 |
| 210 | @a北京@c北京联合出版公司@d2015 | |
| 215 | @a421页@c图 (部分彩图)@d25cm | |
| 300 | @a认识中国药学第一经典 | |
| 330 | @a本书精选原著中300余种中草药,对药物的性状做了简单描述,并配有精美的植物手绘图,对植物的根、茎、叶、花、子等部位做详细的解读说明,使植物各部位的药性一目了然。 | |
| 606 | 0 | @a《神农本草经》@9shen nong ben cao jing@j图解 |
| 690 | @aR281.2-64@v5 | |
| 701 | 0 | @a袁松@9yuan song@4编著 |
| 801 | 0 | @aCN@bTANGWEI@c20170308 |
| 905 | @b0956944-7@dR281.2-64@e375@f4 | |
| 彩色图解《神农本草经》/袁松编著.-北京:北京联合出版公司,2015 |
| 421页:图 (部分彩图);25cm |
| 认识中国药学第一经典 |
| ISBN 978-7-5502-6444-1:CNY45.00 |
| 本书精选原著中300余种中草药,对药物的性状做了简单描述,并配有精美的植物手绘图,对植物的根、茎、叶、花、子等部位做详细的解读说明,使植物各部位的药性一目了然。 |
| ● |
| 相关链接 |
|
|
|
|
正题名:彩色图解《神农本草经》
索取号:R281.2-64/375
 
预约/预借
| 序号 | 登录号 | 条形码 | 馆藏地/架位号 | 状态 | 备注 |
| 1 | 0956944 | 209569448 | 第二样本阅览室/ [索取号:R281.2-64/375] | 在馆 | |
| 2 | 0956945 | 209569457 | 第三借阅区/ [索取号:R281.2-64/375] | 在馆 | |
| 3 | 0956946 | 209569466 | 第三借阅区/ [索取号:R281.2-64/375] | 在馆 | |
| 4 | 0956947 | 209569475 | 第三借阅区/ [索取号:R281.2-64/375] | 在馆 |